| 000 | 00650nam a2200169 a 4500 | ||
|---|---|---|---|
| 008 | 101026s1999 ||||||||||||||||| || u | ||
| 020 | _a0761903704 | ||
| 050 | _aHD 66 Bar | ||
| 100 | _aBarker, James R. (James Robert), 1957- | ||
| 245 | 1 | 4 |
_aThe discipline of teamwork: participation and concertive control _cJames R. Barker |
| 260 |
_aCalifornia: _bSAGE Publications _c1999 |
||
| 300 | _axiv, 207p.: ill. | ||
| 350 | _a0.00 | ||
| 650 | 0 | _aMANAGEMENT | |
| 650 | _aWORK GROUPS | ||
| 995 |
_D0.00 _FCBU-MAIN LIBRARY (Kitwe) _H1 _I0.00 _M1 _UAVAILABLE _WDec 21, 2010 _ZMain Library Open Access Collection |
||
| 999 |
_c40281 _d40281 |
||